The Elements of Graphic Design : Space, Unity, Page Architecture and Type /

保存先:
書誌詳細
第一著者: White, Alex W. (autor)
フォーマット: 図書
言語:英語
出版事項: Nueva York, EUA : Allworth, 2002, c2002
主題:
タグ: タグ追加
タグなし, このレコードへの初めてのタグを付けませんか!

MARC

LEADER 00000nam^a2200000^a^4500
001 000177715
005 20250521000000.0
009 20260310101725.122
020 |a 1-58115-250-7 
037 |a Acervo ITESO - Biblioteca 
041 |a ING 
082 |a 741. 6  |b WHI 
100 |a White, Alex W.  |e (autor) 
245 1 4 |a The Elements of Graphic Design :  |b Space, Unity, Page Architecture and Type /  |c A.W. White. 
264 4 |a Nueva York, EUA :  |b Allworth,  |c 2002, c2002 
300 |a IX, 149 p. 
336 |a texto  |b txt  |2 rdacontenido 
337 |a sin mediación  |b n  |2 rdamedio 
338 |a volumen  |b nc  |2 rdasoporte 
649 |a XX 
650 |a Diseño Editorial 
650 |a Formación de Páginas (Diseño) 
650 |a Compaginación 
650 |a Formato (Diseño Gráfico) 
650 |a Diseño Tipográfico 
650 |a Diseño Gráfico 
910 |a Fondo General 
920 |a Impresos - Libros 
930 |a Colección General 
905 |a 101 
901 |a 0500116790  |b IT1  |c ACC  |u 20250521 
902 |a https://opac.biblio.iteso.mx/vufind/Record/000177715